Catholic University of Zimbabwe Library
Online Public Access Catalogue
(OPAC)

Witness to Marvels (Record no. 32591)

MARC details
000 -LEADER
fixed length control field 02774nam a22003617a 4500
001 - CONTROL NUMBER
control field 1005409.0
003 - CONTROL NUMBER IDENTIFIER
control field KnowledgeUnlatched
005 - DATE AND TIME OF LATEST TRANSACTION
control field 20210303104755.0
006 - FIXED-LENGTH DATA ELEMENTS--ADDITIONAL MATERIAL CHARACTERISTICS
fixed length control field m o d
007 - PHYSICAL DESCRIPTION FIXED FIELD--GENERAL INFORMATION
fixed length control field cr u||||||||||
008 - FIXED-LENGTH DATA ELEMENTS--GENERAL INFORMATION
fixed length control field 210129p20192020cau o u00| u eng d
037 ## - SOURCE OF ACQUISITION
Institution to which field applies BiblioBoard
020 ## - INTERNATIONAL STANDARD BOOK NUMBER
International Standard Book Number 9780520973688
024 8# - OTHER STANDARD IDENTIFIER
Standard number or code 10.1525/luminos.76
029 1# - OTHER SYSTEM CONTROL NUMBER (OCLC)
OCLC library identifier https://library.biblioboard.com/ext/api/media/e65071f5-cfcc-4da4-a1d9-3cc4a982d6a1/assets/thumbnail.jpg
040 ## - CATALOGING SOURCE
Original cataloging agency ScCtBLL
Transcribing agency ScCtBLL
100 1# - MAIN ENTRY--PERSONAL NAME
Personal name Stewart, Tony K.
Relator term author.
245 00 - TITLE STATEMENT
Title Witness to Marvels
Statement of responsibility, etc. Tony K. Stewart.
264 #1 - PRODUCTION, PUBLICATION, DISTRIBUTION, MANUFACTURE, AND COPYRIGHT NOTICE
Name of producer, publisher, distributor, manufacturer University of California Press,
300 ## - PHYSICAL DESCRIPTION
Extent 1 online resource (1 p.)
506 0# - RESTRICTIONS ON ACCESS NOTE
Terms governing access Access copy available to the general public.
Standardized terminology for access restriction Unrestricted
Source of term star
520 ## - SUMMARY, ETC.
Summary, etc. Witness to Marvels traces the development of a unique genre of Sufi-inspired Bengali romances called pir kathas, whose protagonists and plots are wholly fictive. For five centuries these fabulations have parodied indigenous and Hindu textual traditions. Both mimicking and mocking, these parodies adopted a subjunctive tone, exploring a magical world of 'what-if'. They created an Islam-inflected space within a traditional Bengali cultural environment without trying to legislate what ideally 'should be' according to tropes common to Islamic history, theology, and law. The tales' discursive arena, the imaginaire, delineated the realm of possibility for how these tales might exercise the imagination to integrate Hindu and Islamic cosmologies. Tales insinuated themselves into locally relevant discourses through elaborate intertextual connections, subtly shifting presuppositions about the way the world works and what counts as religious authority. As Allah looked on from heaven, the tales routinely assigned Sufi saints, both pirs and bibis, to the pivotal role of avatar, the periodic descent of divinity, equating them to the Hindu god Narayan. Adopting a semiotic strategy to interpret these tales yields a bold new perspective on the subtle ways Islam assumed its distinctive form in Bengal and suggests how we need to reimagine conversion in this region.
588 0# - SOURCE OF DESCRIPTION NOTE
Source of description note Description based on print version record.
650 #7 - SUBJECT ADDED ENTRY--TOPICAL TERM
Topical term or geographic name entry element Religion / Antiquities & Archaeology
Source of heading or term bisacsh
650 #7 - SUBJECT ADDED ENTRY--TOPICAL TERM
Topical term or geographic name entry element History / Asia
Source of heading or term bisacsh
650 #0 - SUBJECT ADDED ENTRY--TOPICAL TERM
Topical term or geographic name entry element Religion
655 #0 - INDEX TERM--GENRE/FORM
Genre/form data or focus term Electronic books.
758 ## -
-- Is found in:
-- Knowledge Unlatched
-- https://openresearchlibrary.org/module/2774bc74-146a-484f-a7ba-ab1d6a09bbfb
856 40 - ELECTRONIC LOCATION AND ACCESS
Uniform Resource Identifier <a href="https://openresearchlibrary.org/content/e65071f5-cfcc-4da4-a1d9-3cc4a982d6a1">https://openresearchlibrary.org/content/e65071f5-cfcc-4da4-a1d9-3cc4a982d6a1</a>
Public note View this content on Open Research Library.
-- 0
Holdings
Withdrawn status Lost status Source of classification or shelving scheme Damaged status Not for loan Home library Current library Shelving location Date acquired Total Checkouts Date last seen Uniform Resource Identifier Price effective from Koha item type
          Digital Library Digital Library Online Access 03.03.2021   03.03.2021 https://openresearchlibrary.org/content/e65071f5-cfcc-4da4-a1d9-3cc4a982d6a1 03.03.2021 eBook

OPENING HOURS

Weekdays: 0815hrs - 1800hrs
Weekends:0900hrs - 1200hrs

Closed for Mass:

Mon, Thur: 1200hrs - 1300hrs
Sunday & Public Holiday’s

CALL SUPPORT

0242-570570, 0242-570169
09200664, +263 8644140602

LOCATION

18443, Cranborne Avenue, Hatfield, Harare

Other Links


©2021 | CUZ Library